000 00680nam a2200265Ia 4500
003 OSt
005 20220912151520.0
006 a|||||r|||| 00| 0
007 ta
008 220909b |||||||| |||| 00| 0 eng d
024 _a43716
037 _cTextual
040 _aCSL
_beng
_cCSL
041 _aeng
082 _aD65,8(B)92, K6
100 _aIBM
245 0 _aAssembler language coding appendix
260 _aNew York
_b IBM
_c1966
300 _a43p.
_ccm.
490 _aProgrammed instruction
650 _a Computer program language
650 _aComputer science
942 _hD65,8(B)92, K6
_cTEXL
_2CC
999 _c70388
_d70388